[Event "2. Bundesliga Ost 2012/2013"]
[Site "6.+7.10., 17.+18.11., 1.12., 2.+3.2., 9.+10.3., 6.
[Date "2013.03.09"]
[Round "8"]
[Board "6"]
[White "Gattermayer, Robert"]
[Black "Bezuch, Martin"]
[Result "0-1"]
[WhiteElo "2004"]
[BlackElo "2291"]
[PlyCount "66"]
[EventDate "2012.10.06"]
[EventType "team"]
[EventRounds "11"]
[EventCountry "AUT"]
[WhiteTeam "ASVOe VHS Poechlarn"]
[BlackTeam "ASVOE Pamhagen"]

1. e4 g6 2. d4 Bg7 3. Nc3 d6 4. Be3 a6 5. Qd2 Nd7 6. f4 b5 7. a3 Bb7 8. Nf3
Ngf6 9. d5 c6 10. Be2 O-O 11. O-O cxd5 12. exd5 Nb6 13. Bxb6 Qxb6+ 14. Kh1 Ng4
15. Bd3 Rac8 16. h3 Ne3 17. Rfe1 Nxd5 18. Nxd5 Bxd5 19. c3 Bxf3 20. gxf3 e6 21.
Rg1 Qd8 22. Rg2 Qh4 23. Kh2 Bh6 24. Rg4 Qe7 25. Qg2 f5 26. Rxg6+ hxg6 27. Qxg6+
Qg7 28. Qxe6+ Kh8 29. Rg1 Bxf4+ 30. Kh1 Qf7 31. Qe1 Qh5 32. Bf1 Qxf3+ 33. Rg2
Qxh3+ 0-1

[Event "2. Bundesliga Ost 2012/2013"]
[Site "6.+7.10., 17.+18.11., 1.12., 2.+3.2., 9.+10.3., 6.
[Date "2013.03.09"]
[Round "8"]
[Board "1"]
[White "Bokros, Albert"]
[Black "Pisk, Petr"]
[Result "1/2-1/2"]
[WhiteElo "2458"]
[BlackElo "2389"]
[PlyCount "82"]
[EventDate "2012.10.06"]
[EventType "team"]
[EventRounds "11"]
[EventCountry "AUT"]
[WhiteTeam "ASVOE Lackenbach"]
[BlackTeam "Zwettl 2"]

1. e4 c6 2. d4 d5 3. e5 c5 4. dxc5 Nc6 5. Nf3 e6 6. Bd3 Bxc5 7. O-O Nge7 8. Bf4
Ng6 9. Bg3 O-O 10. Nbd2 Bd7 11. a3 a5 12. c4 a4 13. h4 h6 14. Qc2 dxc4 15. Nxc4
Nge7 16. Nd6 Bxd6 17. exd6 Nf5 18. Bxf5 exf5 19. Rfe1 Be6 20. Qc3 Qa5 21. Qe3
Rac8 22. Rad1 Rfe8 23. Be5 Nxe5 24. Nxe5 Red8 25. Ng6 Rc4 26. Qd3 Rg4 27. h5 f4
28. Re5 Qb6 29. Rd2 Rg5 30. Re1 fxg6 31. Rxe6 Qc6 32. f3 Qc1+ 33. Rd1 Qxb2 34.
Re2 Qb6+ 35. Rf2 gxh5 36. Kf1 h4 37. Qc4+ Kh7 38. Qe4+ Rg6 39. d7 Qb5+ 40. Qd3
Qxd3+ 41. Rxd3 Rc6 1/2-1/2

[Event "2. Bundesliga Ost 2012/2013"]
[Site "6.+7.10., 17.+18.11., 1.12., 2.+3.2., 9.+10.3., 6.
[Date "2013.03.09"]
[Round "8"]
[Board "2"]
[White "Wagner, Stefan"]
[Black "Hagara, Eduard"]
[Result "0-1"]
[WhiteElo "2178"]
[BlackElo "2410"]
[PlyCount "78"]
[EventDate "2012.10.06"]
[EventType "team"]
[EventRounds "11"]
[EventCountry "AUT"]
[WhiteTeam "Zwettl 2"]
[BlackTeam "ASVOE Lackenbach"]

1. c4 e5 2. g3 Nc6 3. Bg2 g6 4. Nc3 Bg7 5. e4 d6 6. Nge2 Be6 7. d3 Qd7 8. O-O
Nh6 9. Nd5 Ng4 10. h3 Nf6 11. Bh6 O-O 12. Nxf6+ Bxf6 13. Bxf8 Rxf8 14. Kh2 a6
15. Qd2 b5 16. f4 exf4 17. gxf4 Ne7 18. Rac1 Bg7 19. b3 f5 20. Qe3 c5 21. d4
fxe4 22. dxc5 bxc4 23. cxd6 Nf5 24. Qxe4 Nxd6 25. Qe3 Nf5 26. Qb6 cxb3 27. axb3
Bf7 28. Rfd1 Qe7 29. Rd2 Qh4 30. Bd5 Bxd5 31. Rxd5 Kh8 32. Qg1 Re8 33. Rd2 Bh6
34. Rf1 Rxe2+ 35. Rxe2 Bxf4+ 36. Rxf4 Qxf4+ 37. Kg2 Nh4+ 38. Kh1 Qf3+ 39. Rg2
Qxh3+ 0-1

[Event "2. Bundesliga Ost 2012/2013"]
[Site "6.+7.10., 17.+18.11., 1.12., 2.+3.2., 9.+10.3., 6.
[Date "2013.03.09"]
[Round "8"]
[Board "3"]
[White "Vass, Frantisek"]
[Black "Vyskocil, Neklan"]
[Result "0-1"]
[WhiteElo "2292"]
[BlackElo "2368"]
[PlyCount "86"]
[EventDate "2012.10.06"]
[EventType "team"]
[EventRounds "11"]
[EventCountry "AUT"]
[WhiteTeam "ASVOE Lackenbach"]
[BlackTeam "Zwettl 2"]

1. d4 Nf6 2. Bg5 Ne4 3. h4 d5 4. Nd2 Bf5 5. Nxe4 Bxe4 6. f3 h6 7. fxe4 hxg5 8.
Qd3 Nc6 9. O-O-O e6 10. exd5 Qxd5 11. c4 Qa5 12. a3 O-O-O 13. e3 gxh4 14. Nf3
Be7 15. Be2 Bf6 16. Nd2 Qf5 17. Qb3 Bxd4 18. exd4 Nxd4 19. Qd3 Qf2 20. Bf3 f5
21. Nb3 Nxf3 22. Qxf3 Rxd1+ 23. Rxd1 Qxf3 24. gxf3 g5 25. Nc5 g4 26. Nxe6 h3
27. Nf4 g3 28. Rh1 Rh4 29. Rxh3 g2 30. Rg3 Rh1+ 31. Kd2 g1=Q 32. Rxg1 Rxg1 33.
Nd5 Rg2+ 34. Kc1 Kd7 35. Ne3 Rg1+ 36. Kd2 Ke6 37. f4 Rb1 38. Kc3 Rh1 39. Nc2
Rf1 40. Nd4+ Kf6 41. Ne2 c5 42. Kd3 Rf3+ 43. Kd2 Kg6 0-1

[Event "2. Bundesliga Ost 2012/2013"]
[Site "6.+7.10., 17.+18.11., 1.12., 2.+3.2., 9.+10.3., 6.
[Date "2013.03.09"]
[Round "8"]
[Board "4"]
[White "Buchnicek, Petr"]
[Black "Krpelan, Wolfgang"]
[Result "1/2-1/2"]
[WhiteElo "2352"]
[BlackElo "2246"]
[PlyCount "70"]
[EventDate "2012.10.06"]
[EventType "team"]
[EventRounds "11"]
[EventCountry "AUT"]
[WhiteTeam "Zwettl 2"]
[BlackTeam "ASVOE Lackenbach"]

1. e4 e6 2. d4 d5 3. e5 c5 4. c3 Nc6 5. Nf3 Bd7 6. Be2 Nh6 7. a3 Nf5 8. g4 Nh4
9. Nxh4 Qxh4 10. Be3 cxd4 11. cxd4 Qh3 12. Nd2 Be7 13. Rg1 h5 14. Rg3 Qxh2 15.
Nf3 Qh1+ 16. Rg1 hxg4 17. Rxh1 Rxh1+ 18. Bf1 gxf3 19. Qxf3 Rh4 20. O-O-O f5 21.
exf6 Bxf6 22. Qg3 Nxd4 23. Qg6+ Kf8 24. Bd3 Nf3 25. Qg3 Ne5 26. Be2 Ba4 27. Rg1
Rc8+ 28. Kb1 Nf7 29. f4 Rc2 30. Bd3 Rxb2+ 31. Kc1 Rhh2 32. f5 Rhc2+ 33. Bxc2
Rxc2+ 34. Kb1 Rb2+ 35. Kc1 Rc2+ 1/2-1/2

[Event "2. Bundesliga Ost 2012/2013"]
[Site "6.+7.10., 17.+18.11., 1.12., 2.+3.2., 9.+10.3., 6.
[Date "2013.03.09"]
[Round "8"]
[Board "5"]
[White "Stranz, Richard"]
[Black "Fiala, Vaclav"]
[Result "1/2-1/2"]
[WhiteElo "2178"]
[BlackElo "2188"]
[PlyCount "133"]
[EventDate "2012.10.06"]
[EventType "team"]
[EventRounds "11"]
[EventCountry "AUT"]
[WhiteTeam "ASVOE Lackenbach"]
[BlackTeam "Zwettl 2"]

1. e4 c5 2. Nc3 d6 3. Nf3 e6 4. d4 cxd4 5. Nxd4 Nf6 6. Be2 a6 7. O-O Be7 8. f4
O-O 9. Kh1 Qc7 10. Qe1 Nc6 11. Be3 Bd7 12. Qg3 Rfc8 13. Rae1 b5 14. a3 b4 15.
axb4 Qb7 16. e5 Ne8 17. b5 Nxd4 18. Bxd4 axb5 19. exd6 Bxd6 20. Bd3 f5 21. Ne2
Bc6 22. Ng1 Ra4 23. c3 Bd5 24. Nf3 Ra2 25. Rf2 h6 26. Qg6 Qf7 27. Qxf7+ Kxf7
28. Bxb5 Bxf4 29. Ne5+ Bxe5 30. Bxe8+ Rxe8 31. Bxe5 g5 32. Kg1 h5 33. Rc1 Rc8
34. b4 Rca8 35. c4 Rxf2 36. Kxf2 Ra2+ 37. Ke3 Bxg2 38. b5 f4+ 39. Kd3 f3 40.
Bd4 f2 41. Bxf2 Rxf2 42. c5 Rf1 43. Rc2 Rd1+ 44. Ke3 Bb7 45. c6 Bc8 46. Ra2 Rb1
47. Ra8 Rxb5 48. Rxc8 Rc5 49. Kd4 Rc2 50. c7 Ke7 51. Rg8 Rxc7 52. Rxg5 h4 53.
Rh5 Kd6 54. Rxh4 Ra7 55. Rh8 Ra4+ 56. Ke3 Kd5 57. h4 Ra3+ 58. Kd2 Ke4 59. Rb8
Ra2+ 60. Ke1 Rh2 61. Rb4+ Kf3 62. Rb3+ Kg4 63. Rb4+ Kf5 64. Ra4 e5 65. Rb4 e4
66. h5 Kf4 67. Rb3 1/2-1/2

[Event "2. Bundesliga Ost 2012/2013"]
[Site "6.+7.10., 17.+18.11., 1.12., 2.+3.2., 9.+10.3., 6.
[Date "2013.03.09"]
[Round "8"]
[Board "6"]
[White "Lipp, Alfred"]
[Black "Reitgruber, Dietmar"]
[Result "1-0"]
[WhiteElo "2132"]
[BlackElo "1945"]
[PlyCount "61"]
[EventDate "2012.10.06"]
[EventType "team"]
[EventRounds "11"]
[EventCountry "AUT"]
[WhiteTeam "Zwettl 2"]
[BlackTeam "ASVOE Lackenbach"]

1. d4 g6 2. e4 Bg7 3. Nf3 c5 4. d5 d6 5. Be2 e5 6. O-O Ne7 7. Nc3 O-O 8. a4 Nd7
9. a5 f5 10. Ng5 Nf6 11. a6 b6 12. f3 fxe4 13. fxe4 h6 14. Ne6 Bxe6 15. dxe6
Kh7 16. Bc4 Ne8 17. Rxf8 Bxf8 18. Qf3 Bg7 19. Qf7 Nc7 20. Be3 b5 21. Bd5 Ncxd5
22. Nxd5 Nxd5 23. exd5 Qf6 24. Rf1 Qxf7 25. Rxf7 Kg8 26. Rd7 e4 27. b3 Be5 28.
Bxh6 c4 29. bxc4 bxc4 30. Be3 Rb8 31. Rb7 1-0

[Event "2. Bundesliga Ost 2012/2013"]
[Site "6.+7.10., 17.+18.11., 1.12., 2.+3.2., 9.+10.3., 6.
[Date "2013.03.09"]
[Round "8"]
[Board "1"]
[White "Banusz, Tamas"]
[Black "Zilka, Stepan"]
[Result "1/2-1/2"]
[WhiteElo "2580"]
[BlackElo "2529"]
[PlyCount "210"]
[EventDate "2012.10.06"]
[EventType "team"]
[EventRounds "11"]
[EventCountry "AUT"]
[WhiteTeam "SK Wien-Ottakring"]
[BlackTeam "Blackburne Nickelsdorf"]

1. c4 c6 2. d4 d5 3. Nf3 Nf6 4. Nc3 e6 5. g3 dxc4 6. Ne5 c5 7. dxc5 Qxd1+ 8.
Nxd1 Bxc5 9. Bg2 O-O 10. O-O Nc6 11. Nxc4 Nd4 12. Nc3 Nd5 13. Bd2 Rd8 14. Rfd1
Bd7 15. Bxd5 exd5 16. Ne5 Bb4 17. Be3 Bxc3 18. Bxd4 Bxd4 19. Rxd4 Bb5 20. Kf1
Rac8 21. Rad1 Kf8 22. R4d2 d4 23. Nf3 d3 24. exd3 Rd5 25. Ne1 Rcd8 26. f3 g5
27. Kf2 R8d6 28. d4 Rh6 29. Kg1 Rf6 30. Rc1 Bc6 31. Rc5 Rxc5 32. dxc5 a5 33.
Kf2 Rh6 34. Kf1 Ke7 35. b3 Rf6 36. Ke2 Rf5 37. Rc2 Kd7 38. a3 Bd5 39. Rc3 Rf6
40. Nc2 Rh6 41. Nd4 Rxh2+ 42. Ke3 h5 43. b4 axb4 44. axb4 Rb2 45. b5 h4 46. c6+
bxc6 47. bxc6+ Kc7 48. Rc5 Be6 49. g4 h3 50. Rxg5 h2 51. Rh5 Bd5 52. Rh6 Bc4
53. Ke4 Ra2 54. Kf4 Bf1 55. g5 Rg2 56. Nf5 Bb5 57. Rh7 Kxc6 58. Ne3 Ra2 59. Ng4
Kd6 60. Nxh2 Bd7 61. Nf1 Ra4+ 62. Kg3 Ra5 63. Rxf7 Rxg5+ 64. Kf4 Rg8 65. Ne3
Ke6 66. Rf5 Rg6 67. Rc5 Ke7 68. Re5+ Kf7 69. Nc4 Rf6+ 70. Ke3 Be6 71. Nd2 Rf5
72. Re4 Bd5 73. Ra4 Re5+ 74. Kd4 Re2 75. Ne4 Bxe4 76. fxe4 Re1 77. Ke5 Re2 78.
Ra7+ Kf8 79. Kf5 Rf2+ 80. Ke6 Re2 81. e5 Re1 82. Ra8+ Kg7 83. Rd8 Re2 84. Rd5
Kg8 85. Kf6 Rf2+ 86. Ke6 Re2 87. Rd1 Re3 88. Rd8+ Kg7 89. Re8 Ra3 90. Rc8 Re3
91. Rc5 Re1 92. Ke7 Ra1 93. Rc7 Ra8 94. e6 Kg6 95. Rb7 Kg7 96. Kd6+ Kf6 97. Kd7
Kg7 98. Rc7 Kf6 99. Rb7 Kg7 100. Kc6+ Kf6 101. e7 Kf7 102. Kd7 Re8 103. Kd6 Ra8
104. Kd7 Re8 105. Kd6 Ra8 1/2-1/2

[Event "2. Bundesliga Ost 2012/2013"]
[Site "6.+7.10., 17.+18.11., 1.12., 2.+3.2., 9.+10.3., 6.
[Date "2013.03.09"]
[Round "8"]
[Board "2"]
[White "Pinter, Erik"]
[Black "Menezes, Christoph"]
[Result "1-0"]
[WhiteElo "2379"]
[BlackElo "2303"]
[PlyCount "89"]
[EventDate "2012.10.06"]
[EventType "team"]
[EventRounds "11"]
[EventCountry "AUT"]
[WhiteTeam "Blackburne Nickelsdorf"]
[BlackTeam "SK Wien-Ottakring"]

1. e4 c6 2. d4 d5 3. e5 Bf5 4. Nd2 e6 5. Nb3 Nd7 6. Nf3 a6 7. Be3 Rc8 8. Be2 c5
9. dxc5 Bxc5 10. Nxc5 Nxc5 11. c3 Ne7 12. Nd4 O-O 13. g4 Be4 14. f3 Bg6 15. h4
h5 16. Bg5 hxg4 17. h5 Bh7 18. h6 g6 19. f4 Ne4 20. Bxg4 Nxg5 21. fxg5 Nf5 22.
Qd2 Ng3 23. Bf3 Nxh1 24. Bxh1 Rc4 25. Bf3 Qe7 26. Be2 Rc7 27. Qf4 Re8 28. Kd2
Rec8 29. Rf1 Re8 30. Qf6 Qxf6 31. Rxf6 Rd8 32. Rf4 Rcd7 33. Nf3 Kh8 34. Rb4 Kg8
35. Rb6 Kh8 36. Nd4 Ra8 37. Ke3 Kg8 38. Nb3 Rc7 39. Kd4 Kf8 40. Nc5 Ra7 41. a4
Ke7 42. a5 Bg8 43. Bf3 Kd8 44. b4 Kc8 45. Rd6 1-0

[Event "2. Bundesliga Ost 2012/2013"]
[Site "6.+7.10., 17.+18.11., 1.12., 2.+3.2., 9.+10.3., 6.
[Date "2013.03.09"]
[Round "8"]
[Board "3"]
[White "Schneider-Zinner, Harald"]
[Black "Vlcek, Stanislav"]
[Result "1/2-1/2"]
[WhiteElo "2369"]
[BlackElo "2292"]
[PlyCount "60"]
[EventDate "2012.10.06"]
[EventType "team"]
[EventRounds "11"]
[EventCountry "AUT"]
[WhiteTeam "SK Wien-Ottakring"]
[BlackTeam "Blackburne Nickelsdorf"]

1. d4 Nf6 2. Nf3 g6 3. c4 Bg7 4. g3 O-O 5. Bg2 d6 6. O-O Nbd7 7. Nc3 e5 8. e4
c6 9. h3 Qb6 10. Re1 exd4 11. Nxd4 Ne8 12. Nc2 a5 13. Na4 Qd8 14. Be3 Qe7 15.
Qd2 Nc5 16. Nc3 Nf6 17. Bf4 Rd8 18. Rad1 Qe6 19. e5 Nfd7 20. exd6 Qxc4 21. Bf1
Bxc3 22. bxc3 Qxa2 23. Bg5 f6 24. Qd4 b5 25. Bxf6 Nxf6 26. Qxf6 Be6 27. Qd4 Nb7
28. Qf6 Nc5 29. Qd4 Nb7 30. Qf6 Nc5 1/2-1/2

[Event "2. Bundesliga Ost 2012/2013"]
[Site "6.+7.10., 17.+18.11., 1.12., 2.+3.2., 9.+10.3., 6.
[Date "2013.03.09"]
[Round "8"]
[Board "4"]
[White "Bachofner, Andreas"]
[Black "Steiner, Adam"]
[Result "1/2-1/2"]
[WhiteElo "2207"]
[BlackElo "2276"]
[PlyCount "100"]
[EventDate "2012.10.06"]
[EventType "team"]
[EventRounds "11"]
[EventCountry "AUT"]
[WhiteTeam "Blackburne Nickelsdorf"]
[BlackTeam "SK Wien-Ottakring"]

1. e4 c5 2. Nc3 Nc6 3. f4 g6 4. Nf3 Bg7 5. Bc4 e6 6. O-O Nge7 7. d3 d5 8. Bb3
O-O 9. Qe1 a6 10. a4 Nd4 11. Nxd4 cxd4 12. Nd1 dxe4 13. dxe4 Nc6 14. Nf2 Ne5
15. Ba2 b5 16. Bd2 Nc4 17. axb5 Nxd2 18. Qxd2 axb5 19. e5 Bb7 20. Bb3 Qb6 21.
Nd3 Rxa1 22. Rxa1 Ra8 23. Rd1 Bf8 24. h3 Be7 25. Kh2 h5 26. Qf2 Rd8 27. Ne1 Kg7
28. Nf3 Bxf3 29. Qxf3 Qc5 30. Qe4 Qa7 31. g3 Bc5 32. Kg2 Qa8 33. Kf3 Kf8 34. g4
hxg4+ 35. hxg4 Ke7 36. Qxa8 Rxa8 37. Rh1 Ra7 38. Ke4 Rb7 39. Rh8 Bb6 40. f5
gxf5+ 41. gxf5 exf5+ 42. Kxf5 Rd7 43. Rh6 Bc7 44. Bxf7 d3 45. cxd3 Rxd3 46. Bh5
Ba5 47. Rh8 Bb4 48. Rb8 Rd5 49. Bf3 Rxe5+ 50. Kxe5 Bd6+ 1/2-1/2

[Event "2. Bundesliga Ost 2012/2013"]
[Site "6.+7.10., 17.+18.11., 1.12., 2.+3.2., 9.+10.3., 6.
[Date "2013.03.09"]
[Round "8"]
[Board "5"]
[White "Beck, Hartmuth"]
[Black "Bachofner, Christian"]
[Result "1-0"]
[WhiteElo "2295"]
[BlackElo "2082"]
[PlyCount "93"]
[EventDate "2012.10.06"]
[EventType "team"]
[EventRounds "11"]
[EventCountry "AUT"]
[WhiteTeam "SK Wien-Ottakring"]
[BlackTeam "Blackburne Nickelsdorf"]

1. d4 d5 2. c4 c6 3. cxd5 cxd5 4. Nc3 Nc6 5. e4 e6 6. e5 Qb6 7. Nf3 f5 8. exf6
Nxf6 9. Bd3 Bd6 10. O-O O-O 11. Re1 Bd7 12. a3 a5 13. Bg5 Rae8 14. Bh4 g6 15.
Na4 Qc7 16. Rc1 Nh5 17. Bg3 Nf4 18. Bb5 Qd8 19. Nc5 Bxc5 20. Rxc5 g5 21. Bxc6
Bxc6 22. Ne5 Bd7 23. Qd2 b6 24. Rc3 Bb5 25. h4 h6 26. hxg5 hxg5 27. Bxf4 Rxf4
28. Rg3 Qf6 29. Nf3 g4 30. Re5 Re7 31. Rg5+ Rg7 32. Rxg7+ Kxg7 33. Ne5 Qf5 34.
Qxf4 Qxf4 35. Rxg4+ Qxg4 36. Nxg4 Kg6 37. f3 Kf5 38. Kf2 Ba4 39. Ke3 b5 40. b4
axb4 41. axb4 Bb3 42. Ne5 Bc4 43. g4+ Kf6 44. Kf4 Bb3 45. Nd7+ Ke7 46. Ne5 Bc2
47. Kg5 1-0

[Event "2. Bundesliga Ost 2012/2013"]
[Site "6.+7.10., 17.+18.11., 1.12., 2.+3.2., 9.+10.3., 6.
[Date "2013.03.09"]
[Round "8"]
[Board "6"]
[White "Kuntner, Reinhard"]
[Black "Plank, Franz"]
[Result "0-1"]
[WhiteElo "2066"]
[BlackElo "2198"]
[PlyCount "110"]
[EventDate "2012.10.06"]
[EventType "team"]
[EventRounds "11"]
[EventCountry "AUT"]
[WhiteTeam "Blackburne Nickelsdorf"]
[BlackTeam "SK Wien-Ottakring"]

1. c4 e6 2. Nf3 d5 3. b3 dxc4 4. bxc4 e5 5. Qc2 Nc6 6. Nc3 Nf6 7. e3 Bb4 8. Bb2
O-O 9. a3 Ba5 10. Rd1 Re8 11. Ne4 Bf5 12. Nxf6+ Qxf6 13. Bd3 Bxd3 14. Qxd3 Rad8
15. Qb3 Qg6 16. O-O e4 17. Nh4 Qe6 18. d4 exd3 19. Rxd3 Rxd3 20. Qxd3 Rd8 21.
Qb3 Bb6 22. Qc3 f6 23. Nf3 Bc5 24. Nd4 Bxd4 25. exd4 Rxd4 26. Qb3 Rd8 27. Qg3
Rd7 28. h4 Kf8 29. Qb3 b6 30. Bc3 Kf7 31. Re1 Qf5 32. c5+ Qd5 33. Qc2 h6 34.
cxb6 axb6 35. h5 Qd3 36. Qb3+ Qd5 37. Qc2 Ne7 38. Qa4 b5 39. Qg4 c5 40. Qe2 Qc6
41. Ba5 Kg8 42. Qa2+ Qd5 43. Qb2 Qc4 44. Bb6 b4 45. Rc1 Qg4 46. Qb3+ c4 47. Qa4
b3 48. f3 Qe6 49. Ba5 b2 50. Rf1 Qe3+ 51. Kh2 Qe5+ 52. Kg1 Qe3+ 53. Kh2 Qd3 54.
Re1 Kf7 55. Qc6 Nxc6 0-1

[Event "2. Bundesliga Ost 2012/2013"]
[Site "6.+7.10., 17.+18.11., 1.12., 2.+3.2., 9.+10.3., 6.
[Date "2013.03.09"]
[Round "8"]
[Board "1"]
[White "Videki, Sandor"]
[Black "Penz, Harald"]
[Result "1/2-1/2"]
[WhiteElo "2429"]
[BlackElo "2311"]
[PlyCount "142"]
[EventDate "2012.10.06"]
[EventType "team"]
[EventRounds "11"]
[EventCountry "AUT"]
[WhiteTeam "Spg Data Technology Eichgraben/P."]
[BlackTeam "SK Hietzing"]

1. c4 e6 2. Nc3 d5 3. d4 Nf6 4. cxd5 exd5 5. Bg5 Be7 6. e3 O-O 7. Bd3 h6 8. Bh4
Be6 9. Nge2 b6 10. O-O Nbd7 11. Nf4 c5 12. Rc1 c4 13. Bb1 Re8 14. h3 a6 15. g4
Qc7 16. Bg3 Bd6 17. Qf3 Rad8 18. Nfe2 b5 19. Bxd6 Qxd6 20. Ng3 Nf8 21. Nce2 Bc8
22. Nf4 Bb7 23. Nf5 Qb6 24. Qg2 Ne4 25. Bxe4 Rxe4 26. g5 hxg5 27. Qxg5 Qf6 28.
Qxf6 gxf6 29. Kh2 Ng6 30. Rg1 Kh7 31. Nh5 Re6 32. Rg4 Bc8 33. Rg3 Rb6 34. Rf3
Bxf5 35. Rxf5 Rdd6 36. Rg1 b4 37. Nf4 Rb5 38. Nh5 Rbb6 39. Ng3 c3 40. bxc3 bxc3
41. Rc1 Rbc6 42. Rc2 Rc4 43. Rh5+ Kg8 44. Ne2 Rb6 45. Rxd5 Rb2 46. Rxc3 Ra4 47.
Rc8+ Kg7 48. Nc3 Ra3 49. Rdc5 Rxf2+ 50. Kg3 Rc2 51. R8c7 Rc1 52. h4 Rh1 53. h5
Nf8 54. d5 Rxh5 55. d6 Rxc5 56. Rxc5 Ne6 57. Rc8 Nf8 58. Rc7 Ne6 59. Rc8 Nf8
60. Kf4 Ra5 61. e4 Rc5 62. Rxc5 Ne6+ 63. Ke3 Nxc5 64. Kd4 Ne6+ 65. Kd5 Kg6 66.
d7 f5 67. Ne2 fxe4 68. Ke5 Nd8 69. Nf4+ Kg5 70. Kxe4 Kf6 71. Nd3 Ke6 1/2-1/2

[Event "2. Bundesliga Ost 2012/2013"]
[Site "6.+7.10., 17.+18.11., 1.12., 2.+3.2., 9.+10.3., 6.
[Date "2013.03.09"]
[Round "8"]
[Board "2"]
[White "Prager, Manfred"]
[Black "Ganaus, Hannes"]
[Result "1/2-1/2"]
[WhiteElo "2035"]
[BlackElo "2331"]
[PlyCount "143"]
[EventDate "2012.10.06"]
[EventType "team"]
[EventRounds "11"]
[EventCountry "AUT"]
[WhiteTeam "SK Hietzing"]
[BlackTeam "Spg Data Technology Eichgraben/P."]

1. e4 c6 2. d4 d5 3. Nc3 dxe4 4. Nxe4 Nf6 5. Ng3 h5 6. h4 Bg4 7. Be2 e6 8. c3
Bxe2 9. Qxe2 Bd6 10. Nf5 Kf8 11. Nxd6 Qxd6 12. Nh3 Nbd7 13. Bf4 Qd5 14. f3 Qf5
15. O-O-O b5 16. Qc2 Qxc2+ 17. Kxc2 Ke7 18. Bg5 Nb6 19. Nf4 Kd6 20. Nd3 Nfd5
21. Bd2 a5 22. Ne5 Ra7 23. b3 f6 24. Ng6 Re8 25. Rhe1 a4 26. Kb2 Rea8 27. Ra1
c5 28. dxc5+ Kxc5 29. Nf4 Nxf4 30. Be3+ Kc6 31. Bxf4 e5 32. Be3 axb3 33. axb3
Rxa1 34. Rxa1 Rxa1 35. Kxa1 Nd5 36. Bd2 Ne7 37. Kb2 Nf5 38. Be1 Ne3 39. g3 f5
40. Kc1 Nd5 41. Kd2 Nc7 42. Kd3 Ne6 43. Bf2 g5 44. Be3 gxh4 45. gxh4 Nc7 46.
Bd2 Ne8 47. c4 bxc4+ 48. Kxc4 Nd6+ 49. Kd3 Kd5 50. Be1 Nb5 51. Bf2 Nc7 52. Bb6
Ne6 53. Be3 Nc7 54. Bb6 Nb5 55. Bf2 Nd6 56. Bb6 Nc8 57. Bf2 Ne7 58. b4 Ng6 59.
Bg3 Nf8 60. Bf2 Ne6 61. Be3 e4+ 62. fxe4+ fxe4+ 63. Ke2 Nc7 64. Bd2 Kd4 65.
Be3+ Kc4 66. Bf4 Nd5 67. Bd6 Kd4 68. Bc5+ Ke5 69. Kd2 Nc7 70. Ke3 Nd5+ 71. Kd2
Nc7 72. Ke3 1/2-1/2

[Event "2. Bundesliga Ost 2012/2013"]
[Site "6.+7.10., 17.+18.11., 1.12., 2.+3.2., 9.+10.3., 6.
[Date "2013.03.09"]
[Round "8"]
[Board "3"]
[White "Neumeier, Klaus"]
[Black "Kropik, Martin"]
[Result "1-0"]
[WhiteElo "2255"]
[BlackElo "2133"]
[PlyCount "65"]
[EventDate "2012.10.06"]
[EventType "team"]
[EventRounds "11"]
[EventCountry "AUT"]
[WhiteTeam "Spg Data Technology Eichgraben/P."]
[BlackTeam "SK Hietzing"]

1. d4 Nf6 2. Nf3 g6 3. c4 Bg7 4. Nc3 d5 5. e3 O-O 6. cxd5 Nxd5 7. Bc4 Nb6 8.
Bb3 Na6 9. O-O c5 10. Qe2 Qc7 11. Rd1 c4 12. Bc2 Nb4 13. Bb1 Bd7 14. e4 Ba4 15.
Nxa4 Nxa4 16. a3 Na6 17. Bc2 Qc6 18. Bxa4 Qxa4 19. Bg5 Rfe8 20. Rac1 Rac8 21.
Rc3 b5 22. Rdc1 Rcd8 23. Qe3 Rd7 24. Bh6 e5 25. Bxg7 Kxg7 26. d5 Rc7 27. h4 Nc5
28. b3 Nxb3 29. Rxb3 Qxb3 30. Qxb3 cxb3 31. Rxc7 b2 32. Nd2 b4 33. axb4 1-0

[Event "2. Bundesliga Ost 2012/2013"]
[Site "6.+7.10., 17.+18.11., 1.12., 2.+3.2., 9.+10.3., 6.
[Date "2013.03.09"]
[Round "8"]
[Board "4"]
[White "Molnar, Attila"]
[Black "Weissenbeck, Manuel"]
[Result "0-1"]
[WhiteElo "2087"]
[BlackElo "2238"]
[PlyCount "80"]
[EventDate "2012.10.06"]
[EventType "team"]
[EventRounds "11"]
[EventCountry "AUT"]
[WhiteTeam "SK Hietzing"]
[BlackTeam "Spg Data Technology Eichgraben/P."]

1. e4 c5 2. Nc3 Nc6 3. g3 g6 4. Bg2 Bg7 5. d3 e6 6. Be3 d6 7. Qd2 Rb8 8. Nf3
Nd4 9. Bxd4 cxd4 10. Nb5 e5 11. Qb4 Bf8 12. Qc4 Be7 13. Nc7+ Kf8 14. O-O b5 15.
Nxb5 Be6 16. Qc7 Rxb5 17. Qxa7 Qa5 18. Qxa5 Rxa5 19. a4 Bd7 20. b3 Nf6 21. Nd2
Kg7 22. Nc4 Ra6 23. f4 Ng4 24. Rae1 f6 25. Bh3 h5 26. Bxg4 Bxg4 27. f5 gxf5 28.
exf5 d5 29. Nxe5 fxe5 30. Rxe5 Bg5 31. Kg2 Rc8 32. h3 Rxc2+ 33. Rf2 Bxh3+ 34.
Kg1 Rxf2 35. Kxf2 Be3+ 36. Kf3 Bg4+ 37. Kg2 Rc6 38. Rxd5 Rc2+ 39. Kf1 Bf3 40.
Rd7+ Kf6 0-1

[Event "2. Bundesliga Ost 2012/2013"]
[Site "6.+7.10., 17.+18.11., 1.12., 2.+3.2., 9.+10.3., 6.
[Date "2013.03.09"]
[Round "8"]
[Board "5"]
[White "Mayr, Thomas"]
[Black "Prager, Michael"]
[Result "1-0"]
[WhiteElo "2125"]
[BlackElo "1996"]
[PlyCount "73"]
[EventDate "2012.10.06"]
[EventType "team"]
[EventRounds "11"]
[EventCountry "AUT"]
[WhiteTeam "Spg Data Technology Eichgraben/P."]
[BlackTeam "SK Hietzing"]

1. e4 e5 2. Nf3 Nc6 3. d4 exd4 4. Nxd4 Bc5 5. Be3 Qf6 6. c3 Nge7 7. Bc4 O-O 8.
O-O Qe5 9. Nd2 Bb6 10. f4 Qc5 11. b4 Qd6 12. Nc2 Bxe3+ 13. Nxe3 Qg6 14. Rf3 d6
15. f5 Qf6 16. Ng4 Qg5 17. Rg3 Kh8 18. Qe2 Ng8 19. Rf1 Qe7 20. Rh3 Ne5 21. Nxe5
Qxe5 22. Nf3 Qxc3 23. Ng5 Qd4+ 24. Kh1 Nh6 25. Rxh6 gxh6 26. Nxf7+ Rxf7 27.
Bxf7 Qf6 28. Bd5 Rb8 29. h3 Bd7 30. Qf2 b6 31. Qe2 c6 32. Bb3 b5 33. Qe3 Rb7
34. Rd1 Be8 35. Qg3 Bf7 36. Rxd6 Qe7 37. Bxf7 1-0

[Event "2. Bundesliga Ost 2012/2013"]
[Site "6.+7.10., 17.+18.11., 1.12., 2.+3.2., 9.+10.3., 6.
[Date "2013.03.09"]
[Round "8"]
[Board "6"]
[White "Allram, Sebastian"]
[Black "Wandl, Werner"]
[Result "1-0"]
[WhiteElo "1972"]
[BlackElo "2093"]
[PlyCount "97"]
[EventDate "2012.10.06"]
[EventType "team"]
[EventRounds "11"]
[EventCountry "AUT"]
[WhiteTeam "SK Hietzing"]
[BlackTeam "Spg Data Technology Eichgraben/P."]

1. g3 d5 2. Bg2 Nf6 3. Nf3 e6 4. O-O Bd6 5. c4 c6 6. b3 e5 7. Bb2 Qe7 8. d3 O-O
9. Nc3 d4 10. Ne4 Nxe4 11. dxe4 c5 12. Nh4 g6 13. Bc1 Rd8 14. Qe1 Nc6 15. f4 f6
16. f5 g5 17. Nf3 h6 18. g4 Bd7 19. Qg3 Qg7 20. h4 Kf7 21. a3 Rg8 22. hxg5 hxg5
23. Bd2 Rh8 24. b4 cxb4 25. axb4 Bxb4 26. Bxb4 Nxb4 27. Nxd4 Nc6 28. Nb5 Kg8
29. Rfd1 Qe7 30. Qd3 Rd8 31. Qd5+ Kg7 32. Qd6 Qxd6 33. Nxd6 b6 34. Nb7 Nd4 35.
Nxd8 Rxd8 36. e3 Nc6 37. Rd6 Kf7 38. Kf2 Ke7 39. c5 bxc5 40. Rd5 Nb4 41. Rd2
Ra8 42. Rh1 Bc6 43. Rh7+ Ke8 44. Bf1 Kf8 45. Bc4 Re8 46. Rf7+ Kg8 47. Rxf6+ Kg7
48. Rg6+ Kf8 49. f6 1-0

[Event "2. Bundesliga Ost 2012/2013"]
[Site "6.+7.10., 17.+18.11., 1.12., 2.+3.2., 9.+10.3., 6.
[Date "2013.03.09"]
[Round "8"]
[Board "1"]
[White "Sommerbauer, Norbert"]
[Black "Kummer, Helmut"]
[Result "1/2-1/2"]
[WhiteElo "2444"]
[BlackElo "2353"]
[PlyCount "36"]
[EventDate "2012.10.06"]
[EventType "team"]
[EventRounds "11"]
[EventCountry "AUT"]
[WhiteTeam "Raiffeisen Waehring"]
[BlackTeam "Purbach"]

1. e4 e5 2. Nf3 Nc6 3. Bb5 a6 4. Bxc6 dxc6 5. O-O Bg4 6. h3 h5 7. c3 Qd3 8.
hxg4 hxg4 9. Nxe5 Bd6 10. Nxd3 Bh2+ 11. Kh1 Bg3+ 12. Kg1 Bh2+ 13. Kh1 Bf4+ 14.
Kg1 Bh2+ 15. Kh1 Be5+ 16. Kg1 Bh2+ 17. Kh1 Bd6+ 18. Kg1 Bh2+ 1/2-1/2